Southville International School and Colleges
Your cart is empty.
  • Cart
  • Lists
    Public lists Eva Luna New books Lux_list list_1
    Your lists Log in to create your own lists
  • Log in to your account
  • Your cookies
  • Search history
Southville International School and Colleges
  • Advanced search
  • Recent comments
  • Most popular
  • Libraries

Log in to your account

Log in with GOOGLE


If you do not have an external account, but do have a local account, you can still log in:

  1. Home
  2. MARC view: Stella, queen of the snow /
Normal view MARC view ISBD view

Stella, queen of the snow / (Record no. 33557)

[ view plain ]
MARC details
000 -LEADER
fixed length control field 00984cam a2200337 a 4500
001 - CONTROL NUMBER
control field 12182630
003 - CONTROL NUMBER IDENTIFIER
control field OSt
005 - DATE AND TIME OF LATEST TRANSACTION
control field 20140310184315.0
008 - FIXED-LENGTH DATA ELEMENTS--GENERAL INFORMATION
fixed length control field 000908s2000 onca a 000 1 eng
010 ## - LIBRARY OF CONGRESS CONTROL NUMBER
LC control number 00421222
020 ## - INTERNATIONAL STANDARD BOOK NUMBER
International Standard Book Number 9780439702096
035 ## - SYSTEM CONTROL NUMBER
System control number (CaONFJC)ct C00930208
040 ## - CATALOGING SOURCE
Original cataloging agency DLC
Transcribing agency DLC
Modifying agency DLC
042 ## - AUTHENTICATION CODE
Authentication code lcac
050 00 - LIBRARY OF CONGRESS CALL NUMBER
Classification number PZ 7
Item number .G285 2004
100 1# - MAIN ENTRY--PERSONAL NAME
Personal name Gay, Marie-Louise.
9 (RLIN) 23419
245 10 - TITLE STATEMENT
Title Stella, queen of the snow /
Statement of responsibility, etc Marie-Louise Gay.
260 ## - PUBLICATION, DISTRIBUTION, ETC. (IMPRINT)
Place of publication, distribution, etc Toronto :
Name of publisher, distributor, etc Douglas & McIntyre,
Date of publication, distribution, etc 2000.
300 ## - PHYSICAL DESCRIPTION
Other physical details col. ill. ;
Dimensions 24 cm.
521 ## - TARGET AUDIENCE NOTE
Target audience note
526 ## - STUDY PROGRAM INFORMATION NOTE
Reading level 370
650 #0 - SUBJECT ADDED ENTRY--TOPICAL TERM
Topical term or geographic name as entry element Stella (Fictitious character : Gay)
Form subdivision Fiction.
9 (RLIN) 23420
650 #1 - SUBJECT ADDED ENTRY--TOPICAL TERM
Topical term or geographic name as entry element Snow
Form subdivision Fiction.
9 (RLIN) 23421
650 #1 - SUBJECT ADDED ENTRY--TOPICAL TERM
Topical term or geographic name as entry element Play
Form subdivision Fiction.
9 (RLIN) 23422
650 #1 - SUBJECT ADDED ENTRY--TOPICAL TERM
Topical term or geographic name as entry element Brothers and sisters
Form subdivision Fiction.
9 (RLIN) 23423
906 ## - LOCAL DATA ELEMENT F, LDF (RLIN)
a 7
b cbc
c origres
d 3
e ncip
f 20
g y-gencatlg
942 ## - ADDED ENTRY ELEMENTS (KOHA)
Source of classification or shelving scheme Library of Congress Classification
Koha item type
Holdings
Withdrawn status Lost status Source of classification or shelving scheme Damaged status Home library Current library Shelving location Date acquired Total Checkouts Full call number Barcode Date last seen Copy number Price effective from Koha item type
    Library of Congress Classification   Luxembourg Library Luxembourg Library Scholastic Reading Center Section 10/03/2013   PZ 7 .G285 2004 LEX0146 04/18/2017 1 10/03/2013 Books
    Library of Congress Classification   Luxembourg Library Luxembourg Library Scholastic Reading Center Section 10/09/2013   PZ 7 .G285 2004 LEX2561 04/18/2017 2 10/09/2013 Books
    Library of Congress Classification   Luxembourg Library Luxembourg Library Scholastic Reading Center Section 10/11/2013   PZ 7 .G285 2004 LEX2940 04/18/2017 3 10/11/2013 Books

Stella, queen of the snow /

APA

Gay M., . (2000). Stella, queen of the snow. Toronto: Douglas & McIntyre.

Chicago

Gay Marie-Louise, . 2000. Stella, queen of the snow. Toronto: Douglas & McIntyre.

Harvard

Gay M., . (2000). Stella, queen of the snow. Toronto: Douglas & McIntyre.

MLA

Gay Marie-Louise, . Stella, queen of the snow. Toronto: Douglas & McIntyre. 2000.

  • Place hold
  • Print
  • Cite
  • Add to your cart (remove)
  • Save record
    BIBTEX Dublin Core MARCXML MARC (non-Unicode/MARC-8) MARC (Unicode/UTF-8) MARC (Unicode/UTF-8, Standard) MODS (XML) RIS
  • More searches
    Search for this title in:
    Other Libraries (WorldCat) Other Databases (Google Scholar) Online Stores (Bookfinder.com) Open Library (openlibrary.org)

Exporting to Dublin Core...

SOUTHVILLE LIBRARY

Southville International School and Colleges Library

1281 Tropical Ave. Cor. Luxembourg St., BF Homes International, Las Pinas City

Tel. No. 8256374 / 252358 Loc. 117/146

Powered by Koha